Načítá se...

Hockey

Podrobná bibliografie
Hlavní autor: Thani, Lokesh
Médium: Printed Book
Jazyk:Undetermined
Vydáno: New Delhi Sports Publication 1995
LEADER 00437nam a2200133Ia 4500
008 200212s9999 xx 000 0 und d
020 |a 8186190155 
082 |a 796.355 THA 
100 |a Thani, Lokesh  |9 187675 
245 |a Hockey 
260 |c 1995  |a New Delhi  |b Sports Publication 
942 |c BK 
999 |c 193617  |d 193613 
952 |0 0  |1 0  |4 0  |6 796_355000000000000_THA  |7 0  |9 193911  |a SPESS  |b SPESS  |d 2020-02-12  |l 0  |o 796.355 THA  |p SPESS183  |r 2020-02-12  |w 2020-02-12  |y BK